| 000 | 00935nam a2200301 i 4500 | ||
|---|---|---|---|
| 003 | EG-GICUC | ||
| 005 | 20260422093014.0 | ||
| 008 | 260422s1889 fr ||||fr|||| 000 0 eng d | ||
| 040 |
_aEG-GiCUC _bfre _cEG-GiCUC _dEG-GiCUC _eRda |
||
| 041 | 0 | _afre | |
| 082 | 0 | 4 |
_221 _a343 _bGA . T |
| 092 | 0 | 4 | _221 |
| 099 | _aLaw1 10 343 GA . T 3 ed - 1889 | ||
| 100 | 1 |
_a Garraud, R. _eAuteur |
|
| 245 |
_aTraité Théorique Et Pratique Du Droit Pénal Français: _cR. Garraud. |
||
| 250 | _aTome Troisième | ||
| 264 |
_aParis: _bL Larose Et Forcel, _c1889. |
||
| 300 |
_a608 page : _billustration ; _c 24 cm. |
||
| 336 |
_2rda contenu _a texte |
||
| 337 |
_2rda medias _aOrdinateur |
||
| 338 |
_2 transporteur rda _a Ressource en ligne |
||
| 546 | _aTexte en français | ||
| 650 | 1 |
_aDroit pénal _2qrmak |
|
| 651 | 1 | _2qrmak | |
| 856 | 4 | 0 | _uhttps://fll.law.cu.edu.eg/fulltext/bks/B10-10844.pdf |
| 905 | _a158 | ||
| 942 |
_2ddc _n0 _cBK _e21 |
||
| 999 |
_c72779 _d72779 |
||